Normal view
MARC view
- Sheng, Hu, Chen, Yan Gquan, Qiu, Tian Shuang
Entry Personal Name
001 - CONTROL NUMBER
- control field: 68866
003 - CONTROL NUMBER IDENTIFIER
- control field: NUST
005 - DATE AND TIME OF LATEST TRANSACTION
- control field: 20210628204129.0
008 - FIXED-LENGTH DATA ELEMENTS
- fixed length control field: 210628|| aca||aabn | a|a d
040 ## - CATALOGING SOURCE
- Original cataloging agency: NUST
- Transcribing agency: NUST
100 ## - HEADING--PERSONAL NAME
- Personal name: Sheng, Hu, Chen, Yan Gquan, Qiu, Tian Shuang
670 ## - SOURCE DATA FOUND
- Source citation: Work cat.: (NUST): Sheng, Hu, Chen, Yan Gquan, Qiu, Tian Shuang, Fractional proceses and fractional-order signal processing, techniques and applications, 2012
